00537nam a2200157Ia 4500008004000000020001800040082001300058100004200071245003000113260005100143300001400194690002100208906001100229999001700240952012200257210210b1974 xxu||||| |||| 00| 0 eng d a0 7069 0283 1 a378 SINH aSINGH (Amrik) and ALTBACH (Philip G). aHigher learning in India. aDelhi.bVikas Publishing House Pvt Ltd.,c1974 axviii,451 aHigher Education a032686 c83656d83656 001040708EducationaALbALcEducationd2021-02-17g50.00l0o378 SINHp032686r2021-02-17 00:00:00w2021-02-17yBK